Serie A Torschützen 2021/2022 - Statistiken

Allgemein
  • Dieses Quiz wurde 402 mal gespielt
  • Das Durchschnittsergebnis liegt bei 6 aus 14
Antwortstatistiken
Tore Verein Spieler % Korrekt
27 Lazio Rom Ciro Immobile
98%
21 Inter Mailand Lautaro Martínez
90%
24 Juventus Turin / AC Florenz Dušan Vlahović
88%
17 AS Rom Tammy Abraham
64%
15 US Sassuolo Calcio Domenico Berardi
49%
14 SSC Neapel Victor Osimhen
49%
13 Inter Mailand Edin Džeko
47%
17 Hellas Verona Giovanni Simeone
37%
16 US Sassuolo Calcio Gianluca Scamacca
27%
14 FC Bologna Marko Arnautović
24%
13 Udinese Calcio Gerard Deulofeu
13%
13 Cagliari Calcio João Pedro
13%
13 Atalanta Bergamo Mario Pašalić
10%
13 FC Empoli Andrea Pinamonti
9%
Keine übereinstimmenden Quizze gefunden
Verteilung der Resultate
Anzahl Personen mit jedem Resultat
Perzentil nach korrekt beantworteten Fragen
Ihre Resultats-Entwicklung
Sie haben dieses Quiz noch nicht gespielt